Henri Atlan, Pour un athéisme éclairé. Des Lumières au monde hébraïque, L’hypothèse inutile. Odile Jacob, 2025, 208 pages, 23.90 euros. (notice n° 1843839)
[ vue normale ]
| 000 -LEADER | |
|---|---|
| fixed length control field | 00551cam a2200145 4500500 |
| 005 - DATE AND TIME OF LATEST TRANSACTION | |
| control field | 20260329005502.0 |
| 041 ## - LANGUAGE CODE | |
| Language code of text/sound track or separate title | fre |
| 042 ## - AUTHENTICATION CODE | |
| Authentication code | dc |
| 100 10 - MAIN ENTRY--PERSONAL NAME | |
| Personal name | Labey, Gildas |
| Relator term | author |
| 245 00 - TITLE STATEMENT | |
| Title | Henri Atlan, Pour un athéisme éclairé. Des Lumières au monde hébraïque, L’hypothèse inutile. Odile Jacob, 2025, 208 pages, 23.90 euros. |
| 260 ## - PUBLICATION, DISTRIBUTION, ETC. | |
| Date of publication, distribution, etc. | 2026.<br/> |
| 500 ## - GENERAL NOTE | |
| General note | 14 |
| 786 0# - DATA SOURCE ENTRY | |
| Note | Études | 4334 | 2 | 2026-01-26 | p. 130a-131 | 0014-1941 |
| 856 41 - ELECTRONIC LOCATION AND ACCESS | |
| Uniform Resource Identifier | <a href="https://shs.cairn.info/journal-etudes-2026-2-page-130a?lang=en&redirect-ssocas=7080">https://shs.cairn.info/journal-etudes-2026-2-page-130a?lang=en&redirect-ssocas=7080</a> |
Pas d'exemplaire disponible.




Réseaux sociaux